[Event "Rhein Main op-B 21st"]
[Site "Bad Homburg"]
[Date "2018.06.02"]
[Round "6"]
[White "Meyer, Marcel"]
[Black "Schindelmeiser, Frank"]
[Result "1/2-1/2"]
[WhiteElo "1775"]
[BlackElo "1950"]
[PlyCount "43"]
[EventDate "2018.05.30"]
[EventType "swiss"]
[EventRounds "7"]
[EventCountry "GER"]
[SourceTitle "EXT 2019"]
[Source "ChessBase"]
[SourceDate "2018.10.10"]
[SourceVersion "1"]
[SourceVersionDate "2018.10.10"]
[SourceQuality "1"]

1. d4 Nf6 2. c4 c5 3. e3 g6 4. Nf3 Bg7 5. Nc3 0-0 6. Be2 b6 7. 0-0 Bb7 8. d5 d6 9. h3 Na6 10. e4 Nc7 11. Bf4 Nd7 12. Bd3 Ne5 13. Nxe5 dxe5 14. Bg5 h6 15. Be3 Kh7 16. a3 Rc8 17. b4 f5 18. bxc5 bxc5 19. Rb1 Ba8 20. Na4 Na6 21. Rb5 Qd6 22. Qb3 1/2-1/2

[Event "Rhein Main op-B 21st"]
[Site "Bad Homburg"]
[Date "2018.05.31"]
[Round "2"]
[White "Lehmann, Nils"]
[Black "Schindelmeiser, Frank"]
[Result "0-1"]
[WhiteElo "1558"]
[BlackElo "1950"]
[PlyCount "48"]
[EventDate "2018.05.30"]
[EventType "swiss"]
[EventRounds "7"]
[EventCountry "GER"]
[SourceTitle "EXT 2019"]
[Source "ChessBase"]
[SourceDate "2018.10.10"]
[SourceVersion "1"]
[SourceVersionDate "2018.10.10"]
[SourceQuality "1"]

1. e4 c5 2. Nf3 g6 3. d4 cxd4 4. Nxd4 Nc6 5. Nc3 Bg7 6. Be3 Nf6 7. Bc4 0-0 8. f3 Qb6 9. Bb3 Nxe4 10. Nce2 Qa5+ 11. c3 Nf6 12. Nxc6 bxc6 13. Qd2 d6 14. h4 Rb8 15. g4 Rxb3 16. h5 Rb8 17. hxg6 fxg6 18. Bh6 Qd5 19. Qe3 Nxg4 20. Qxe7 Nxh6 21. Rf1 Rxb2 22. Rf2 Qd2+ 23. Kf1 Nf5 24. Qe4 Ng3+ 0-1

[Event "Heusenstamm Sparkassen op-A 4th"]
[Site "Heusenstamm"]
[Date "2017.11.25"]
[Round "4"]
[White "Hinrichs, Hans Uwe"]
[Black "Schindelmeiser, Frank"]
[Result "1/2-1/2"]
[WhiteElo "2123"]
[BlackElo "1944"]
[PlyCount "82"]
[EventDate "2017.11.23"]
[EventType "swiss"]
[EventRounds "7"]
[EventCountry "GER"]
[SourceTitle "EXT 2019"]
[Source "ChessBase"]
[SourceDate "2018.10.10"]
[SourceVersion "1"]
[SourceVersionDate "2018.10.10"]
[SourceQuality "1"]

1. e4 c5 2. Nc3 g6 3. g3 Bg7 4. Bg2 Nc6 5. d3 d6 6. Nh3 h5 7. 0-0 e5 8. Nd5 f6 9. c3 Nge7 10. f4 Bg4 11. Qb3 Na5 12. Qa4+ b5 13. Qa3 Nxd5 14. exd5 Be2 15. Rf2 Bxd3 16. fxe5 Nc4 17. Qa6 Nxe5 18. Nf4 Qb6 19. Qxb6 axb6 20. Ne6 Kf7 21. Bf4 f5 22. Rd1 c4 23. a3 Ng4 24. Rfd2 Be5 25. Bg5 Rac8 26. Re1 Rhe8 27. Be3 Nxe3 28. Rxe3 Kf6 29. h4 Re7 30. Kf2 Ra8 31. Re1 Raa7 32. Re3 Ra8 33. Kg1 Rg8 34. Kf2 Rge8 35. Kg1 Rb8 36. Kf2 Rc8 37. Kg1 Rh8 38. Kf2 Rg8 39. Kg1 Rh8 40. Kf2 Rb8 41. Kg1 Rh8 1/2-1/2

[Event "Heusenstamm Sparkassen op-A 4th"]
[Site "Heusenstamm"]
[Date "2017.11.25"]
[Round "5"]
[White "Schindelmeiser, Frank"]
[Black "Rondonuwu, Grover"]
[Result "1/2-1/2"]
[WhiteElo "1944"]
[BlackElo "2098"]
[PlyCount "95"]
[EventDate "2017.11.23"]
[EventType "swiss"]
[EventRounds "7"]
[EventCountry "GER"]
[SourceTitle "EXT 2019"]
[Source "ChessBase"]
[SourceDate "2018.10.10"]
[SourceVersion "1"]
[SourceVersionDate "2018.10.10"]
[SourceQuality "1"]

1. c4 c5 2. g3 g6 3. Nc3 Bg7 4. Bg2 Nc6 5. e3 e5 6. Nge2 Nge7 7. 0-0 0-0 8. b3 d6 9. Bb2 Be6 10. h3 f5 11. f4 e4 12. Na4 Bxb2 13. Nxb2 d5 14. d4 cxd4 15. Nxd4 Nxd4 16. Qxd4 dxc4 17. Qe5 Qd5 18. Nxc4 Qxe5 19. Nxe5 Nd5 20. Kf2 Rac8 21. Rfc1 Nb4 22. Bf1 Nc2 23. Bc4 Rxc4 24. bxc4 Nxa1 25. Rxa1 Rc8 26. Rb1 b6 27. Rb4 Kg7 28. h4 Kf6 29. Ke2 h6 30. Kf2 g5 31. Ke2 Rc5 32. a4 Rc8 33. Ke1 gxh4 34. gxh4 Bf7 35. Kf2 Be8 36. Rb1 Rd8 37. Ke1 Rc8 38. Rd1 Ke6 39. Kf2 Rc5 40. Rd8 Ke7 41. Rb8 Ra5 42. Rb7+ Kf8 43. Rh7 h5 44. Rh8+ Ke7 45. Rh7+ Kd8 46. Nf7+ Bxf7 47. Rxf7 Ke8 48. Rh7 1/2-1/2

[Event "Heusenstamm Sparkassen op-A 4th"]
[Site "Heusenstamm"]
[Date "2017.11.23"]
[Round "1"]
[White "Schindelmeiser, Frank"]
[Black "Boe, Mads"]
[Result "0-1"]
[WhiteElo "1944"]
[BlackElo "2297"]
[PlyCount "96"]
[EventDate "2017.11.23"]
[EventType "swiss"]
[EventRounds "7"]
[EventCountry "GER"]
[SourceTitle "EXT 2019"]
[Source "ChessBase"]
[SourceDate "2018.10.10"]
[SourceVersion "1"]
[SourceVersionDate "2018.10.10"]
[SourceQuality "1"]

1. c4 f5 2. g3 Nf6 3. Nc3 e6 4. Bg2 d5 5. d3 d4 6. Nb1 c5 7. Nf3 Nc6 8. 0-0 Bd6 9. e3 0-0 10. exd4 cxd4 11. Na3 e5 12. Ng5 Bc5 13. f4 h6 14. fxe5 Nxe5 15. Bf4 Ng6 16. Nh3 a6 17. Qd2 Nxf4 18. Nxf4 Qd6 19. Nc2 a5 20. Rae1 Kh7 21. a3 a4 22. Re2 Bd7 23. Rfe1 Rae8 24. Nb4 b5 25. cxb5 Bxb5 26. Re6 Qd7 27. R1e5 Ba7 28. Qe1 Bb8 29. Re2 Rxe6 30. Nxe6 Re8 31. Qf2 g6 32. Nf4 Kg7 33. Nfd5 Rxe2 34. Qxe2 Nxd5 35. Bxd5 Bd6 36. Bc4 Bxc4 37. dxc4 Bxb4 38. axb4 d3 39. Qd2 Qd4+ 40. Kf1 Qxc4 41. Ke1 g5 42. Kd1 Kg6 43. Qc1 Qxb4 44. Qc6+ Kh5 45. h3 Qe4 46. g4+ Kh4 47. Qxh6+ Kg3 48. Qd6+ f4 0-1

[Event "Rhein Main op-B 20th"]
[Site "Bad Homburg"]
[Date "2017.06.17"]
[Round "6"]
[White "Schindelmeiser, Frank"]
[Black "Koestler, Peter"]
[Result "1-0"]
[WhiteElo "1957"]
[BlackElo "1855"]
[PlyCount "87"]
[EventDate "2017.06.14"]
[EventType "swiss"]
[EventRounds "7"]
[EventCountry "GER"]
[SourceTitle "EXT 2018"]
[Source "ChessBase"]
[SourceDate "2017.10.13"]
[SourceVersion "1"]
[SourceVersionDate "2017.10.13"]
[SourceQuality "1"]

1. c4 e5 2. g3 Bc5 3. Nc3 Nc6 4. Bg2 Nge7 5. e3 d6 6. a3 a5 7. Nge2 Bg4 8. 0-0 Qd7 9. f3 Bh3 10. d4 Ba7 11. Nd5 Bxg2 12. Kxg2 0-0 13. Nxe7+ Qxe7 14. d5 Nb8 15. b4 axb4 16. axb4 Nd7 17. Qb3 Kh8 18. Bb2 f5 19. Ra4 Bb6 20. Rfa1 Rxa4 21. Rxa4 h5 22. f4 Kh7 23. fxe5 Nxe5 24. h3 Nd7 25. Nf4 Qe4+ 26. Kf2 Ne5 27. Bxe5 Qxe5 28. Ne6 Rf6 29. c5 h4 30. cxb6 hxg3+ 31. Kg1 cxb6 32. b5 Rh6 33. Kg2 Rh5 34. Kg1 Kh6 35. Ra8 Kh7 36. Nf8+ Kh6 37. Nd7 Qe4 38. Rh8+ Kg6 39. Nf8+ Kf7 40. Rxh5 Qf3 41. Qc2 Qxh5 42. Ne6 Qg6 43. Qc7+ Kf6 44. Qxd6 1-0

[Event "Rhein Main op-B 20th"]
[Site "Bad Homburg"]
[Date "2017.06.16"]
[Round "4"]
[White "Schindelmeiser, Frank"]
[Black "Engel, Jan"]
[Result "1/2-1/2"]
[WhiteElo "1957"]
[BlackElo "1825"]
[PlyCount "52"]
[EventDate "2017.06.14"]
[EventType "swiss"]
[EventRounds "7"]
[EventCountry "GER"]
[SourceTitle "EXT 2018"]
[Source "ChessBase"]
[SourceDate "2017.10.13"]
[SourceVersion "1"]
[SourceVersionDate "2017.10.13"]
[SourceQuality "1"]

1. c4 Nf6 2. g3 e5 3. Bg2 d5 4. cxd5 Nxd5 5. Nc3 Nb6 6. Nf3 Nc6 7. 0-0 Be7 8. d3 0-0 9. b3 Be6 10. Bb2 Qd7 11. Ne4 f6 12. d4 Bf5 13. Nc5 Bxc5 14. dxc5 Qxd1 15. Rfxd1 Nd7 16. Ne1 Rfd8 17. Bd5+ Kf8 18. e4 Bg6 19. Nd3 a5 20. a3 Ne7 21. Bxb7 Rab8 22. c6 Bxe4 23. cxd7 Bxd3 24. Rxd3 Rxb7 25. Rc1 c6 26. Rc5 Rbxd7 1/2-1/2

[Event "Vellmar op 8th"]
[Site "Vellmar"]
[Date "2016.07.29"]
[Round "2"]
[White "Schindelmeiser, Frank"]
[Black "Bajorski, Marius"]
[Result "1/2-1/2"]
[WhiteElo "2000"]
[BlackElo "1753"]
[PlyCount "56"]
[EventDate "2016.07.28"]
[EventType "swiss"]
[EventRounds "7"]
[EventCountry "GER"]
[SourceTitle "CBM 173 Extra"]
[Source "ChessBase"]
[SourceDate "2016.08.29"]
[SourceVersion "1"]
[SourceVersionDate "2016.08.29"]
[SourceQuality "1"]

1. c4 b6 2. Nc3 Bb7 3. e4 e6 4. d4 Bb4 5. d5 f5 6. Bd3 Nf6 7. Bg5 h6 8. Bxf6 Qxf6 9. Nge2 0-0 10. 0-0 fxe4 11. Bxe4 Bc5 12. Bf3 Qh4 13. Qd3 Na6 14. a3 Bd6 15. Ng3 Nc5 16. Qe2 Nb3 17. Rad1 Nd4 18. Qd3 Nxf3+ 19. gxf3 Qf4 20. Kg2 h5 21. Qe4 h4 22. Qxf4 Rxf4 23. Nge4 Raf8 24. Nxd6 cxd6 25. Ne4 exd5 26. Nxd6 Ba6 27. Rxd5 Rxc4 28. Nxc4 Bxc4 1/2-1/2

[Event "Rhein Main op-A 19th"]
[Site "Bad Homburg"]
[Date "2016.05.26"]
[Round "2"]
[White "Schindelmeiser, Frank"]
[Black "Heiler, Karl"]
[Result "1-0"]
[WhiteElo "1985"]
[BlackElo "1836"]
[PlyCount "55"]
[EventDate "2016.05.25"]
[EventType "swiss"]
[EventRounds "7"]
[EventCountry "GER"]
[SourceTitle "EXT 2017"]
[Source "ChessBase"]
[SourceDate "2016.10.25"]
[SourceVersion "1"]
[SourceVersionDate "2016.10.25"]
[SourceQuality "1"]

1. c4 Nf6 2. g3 d5 3. Bg2 e5 4. cxd5 Nxd5 5. Nc3 c6 6. Nf3 Bd6 7. 0-0 0-0 8. d4 Nxc3 9. bxc3 e4 10. Ng5 Bf5 11. Nxe4 Bc7 12. Bg5 Qc8 13. Nc5 h6 14. Bc1 Ba5 15. Bb2 Nd7 16. Nb3 Bc7 17. e4 Bh7 18. c4 Nb6 19. Rc1 f5 20. e5 Qe8 21. Nc5 Rb8 22. f4 Nd7 23. Nxd7 Qxd7 24. d5 cxd5 25. Qxd5+ Qxd5 26. cxd5 Bb6+ 27. Kh1 g5 28. d6 1-0

[Event "Heusenstamm Sparkassen op-A 2nd"]
[Site "Heusenstamm"]
[Date "2015.11.29"]
[Round "6"]
[White "Hinrichs, Hans Uwe"]
[Black "Schindelmeiser, Frank"]
[Result "0-1"]
[WhiteElo "2167"]
[BlackElo "1931"]
[PlyCount "38"]
[EventDate "2015.11.26"]
[EventType "swiss"]
[EventRounds "7"]
[EventCountry "GER"]
[SourceTitle "EXT 2018"]
[Source "ChessBase"]
[SourceDate "2017.10.13"]
[SourceVersion "1"]
[SourceVersionDate "2017.10.13"]
[SourceQuality "1"]

1. Nc3 c5 2. e4 g6 3. g3 Bg7 4. Bg2 Nc6 5. d3 d6 6. Nh3 e5 7. 0-0 h5 8. f4 Bg4 9. Qd2 Qd7 10. Nf2 Nd4 11. h3 Bf3 12. Nd5 h4 13. Kh2 Nf6 14. Nxf6+ Bxf6 15. c3 hxg3+ 16. Kxg3 exf4+ 17. Kh2 Bxg2 18. Kxg2 f3+ 19. Kh1 Ne2 0-1

[Event "Heusenstamm Sparkassen op-A 2nd"]
[Site "Heusenstamm"]
[Date "2015.11.28"]
[Round "4"]
[White "Paeslack, Luis"]
[Black "Schindelmeiser, Frank"]
[Result "0-1"]
[WhiteElo "1752"]
[BlackElo "1931"]
[PlyCount "140"]
[EventDate "2015.11.26"]
[EventType "swiss"]
[EventRounds "7"]
[EventCountry "GER"]
[SourceTitle "EXT 2018"]
[Source "ChessBase"]
[SourceDate "2017.10.13"]
[SourceVersion "1"]
[SourceVersionDate "2017.10.13"]
[SourceQuality "1"]

1. d4 Nf6 2. c4 c5 3. d5 b5 4. Qc2 g6 5. e4 d6 6. Nf3 Nbd7 7. Nc3 b4 8. Nb1 Bg7 9. Bd3 0-0 10. 0-0 Ng4 11. Bf4 Nde5 12. Nxe5 Nxe5 13. Bxe5 Bxe5 14. Nd2 Bg4 15. h3 Bd7 16. Nf3 Bg7 17. Rfe1 a5 18. e5 dxe5 19. Nxe5 Ra6 20. Re2 Rd6 21. Rae1 Bf6 22. Qd2 Kg7 23. Kh1 e6 24. Qe3 Qc7 25. Nxd7 Rxd7 26. dxe6 fxe6 27. Bb1 Bd4 28. Qxe6 Rxf2 29. Rxf2 Bxf2 30. Rf1 Re7 31. Qd5 Bd4 32. b3 Qg3 33. Qd8 Bf6 34. Qd3 Re3 35. Qd7+ Kh6 36. Qg4 Qxg4 37. hxg4 Bd4 38. Kh2 Kg5 39. g3 Kxg4 40. Rf4+ Kg5 41. Rf7 Re2+ 42. Kh3 Bg1 43. g4 Bd4 44. Kg3 h5 45. gxh5 Kxh5 46. Ra7 Re3+ 47. Kf4 g5+ 48. Kf5 Re5+ 49. Kf6 Re1+ 50. Kf5 Rf1+ 51. Ke4 Rxb1 52. Rxa5 Kg4 53. Ra7 Re1+ 54. Kd3 Re3+ 55. Kd2 Kf3 56. a4 bxa3 57. Rxa3 g4 58. Ra6 Rxb3 59. Kc2 Rc3+ 60. Kd2 Rxc4 61. Ra2 Be3+ 62. Kd3 Rd4+ 63. Kc3 g3 64. Ra1 g2 65. Kb3 g1Q 66. Rxg1 Bxg1 67. Kb2 Ke3 68. Kc2 Rc4+ 69. Kd1 Bh2 70. Ke1 Rc1# 0-1

[Event "Heusenstamm Schloss op 1st"]
[Site "Heusenstamm"]
[Date "2014.11.22"]
[Round "5"]
[White "Held, Carsten"]
[Black "Schindelmeiser, Frank"]
[Result "1-0"]
[WhiteElo "2033"]
[BlackElo "1834"]
[PlyCount "113"]
[EventDate "2014.11.20"]
[EventType "swiss"]
[EventRounds "7"]
[EventCountry "GER"]
[SourceTitle "CBM 163 Extra"]
[Source "ChessBase"]
[SourceDate "2014.12.23"]
[SourceVersion "1"]
[SourceVersionDate "2014.12.23"]
[SourceQuality "1"]

1. Nf3 c5 2. c4 Nc6 3. g3 g6 4. Bg2 Bg7 5. Nc3 d6 6. 0-0 e5 7. d3 Nge7 8. Rb1 0-0 9. a3 f5 10. Ne1 Rb8 11. b4 b6 12. Bg5 Bb7 13. b5 Nd4 14. Bxb7 Rxb7 15. Nd5 Ne6 16. Bxe7 Rxe7 17. Nxe7+ Qxe7 18. a4 Qg5 19. Nf3 Qg4 20. Kg2 Nf4+ 21. Kh1 Nh3 22. Ng1 f4 23. e4 f3 24. Nxh3 Qxh3 25. Rg1 Bh6 26. a5 Bg5 27. axb6 axb6 28. Ra1 h5 29. Ra6 Bd8 30. Qf1 Qd7 31. h3 g5 32. Kh2 g4 33. Qc1 Qg7 34. Ra8 Kh7 35. Qa1 Qg5 36. Ra7+ Kg6 37. Qc1 Qf6 38. h4 Qe6 39. Ra8 Qd7 40. Qd2 Rf7 41. Rga1 Qe7 42. Rh1 Qd7 43. Kg1 Bf6 44. Kf1 Qb7 45. Ra6 Qb8 46. Ke1 Ra7 47. Qa2 Rf7 48. Kd2 Bg7 49. Ra1 Bh6+ 50. Ke1 Qd8 51. Ra7 Rf8 52. Ra8 Qf6 53. Rxf8 Qxf8 54. Qa8 Qf7 55. Qd8 Qe6 56. Ra7 Bc1 57. Rd7 1-0

[Event "Heusenstamm Schloss op 1st"]
[Site "Heusenstamm"]
[Date "2014.11.21"]
[Round "2"]
[White "Schindelmeiser, Frank"]
[Black "Held, Gerd"]
[Result "1-0"]
[WhiteElo "1834"]
[BlackElo "1454"]
[PlyCount "43"]
[EventDate "2014.11.20"]
[EventType "swiss"]
[EventRounds "7"]
[EventCountry "GER"]
[SourceTitle "CBM 163 Extra"]
[Source "ChessBase"]
[SourceDate "2014.12.23"]
[SourceVersion "1"]
[SourceVersionDate "2014.12.23"]
[SourceQuality "1"]

1. c4 c5 2. g3 g6 3. Bg2 Bg7 4. Nc3 Nf6 5. d3 d6 6. e4 0-0 7. Nge2 Nc6 8. 0-0 a6 9. f4 Rb8 10. h3 b5 11. e5 Nxe5 12. fxe5 dxe5 13. cxb5 axb5 14. Be3 Nd7 15. Ne4 Bb7 16. Rc1 f5 17. Nxc5 Bxg2 18. Qb3+ Rf7 19. Ne6 Qa5 20. Kxg2 Qa8+ 21. Kg1 Kh8 22. Nc7 1-0

[Event "Eschborn op 10th"]
[Site "Eschborn"]
[Date "2013.09.01"]
[Round "4"]
[White "Mager, Denis"]
[Black "Schindelmeiser, Frank"]
[Result "1-0"]
[WhiteElo "2079"]
[BlackElo "1842"]
[PlyCount "150"]
[EventDate "2013.08.30"]
[EventType "swiss"]
[EventRounds "5"]
[EventCountry "GER"]
[SourceTitle "EXT 2014"]
[Source "ChessBase"]
[SourceDate "2013.11.20"]
[SourceVersion "1"]
[SourceVersionDate "2013.11.20"]
[SourceQuality "1"]

1. d4 Nf6 2. c4 c5 3. d5 b5 4. cxb5 a6 5. bxa6 Bxa6 6. Nc3 g6 7. Nf3 d6 8. e4 Bxf1 9. Kxf1 Bg7 10. g3 0-0 11. Kg2 Nbd7 12. Re1 Ng4 13. Qc2 Qa5 14. Bg5 f6 15. Bf4 Rfb8 16. h3 Nge5 17. Bxe5 dxe5 18. Nd2 Qb4 19. b3 Nb6 20. Nd1 Bh6 21. Ne3 Nc8 22. Ndc4 Nd6 23. Nxd6 Bxe3 24. Nf5 gxf5 25. Rxe3 Qd4 26. Rc1 fxe4 27. Rxe4 Qxd5 28. Kg1 Rb4 29. Rc4 Rxc4 30. bxc4 Qd7 31. h4 Qa4 32. Qd2 Qc6 33. Rd1 Kf7 34. Qc2 e4 35. Ra1 f5 36. a4 Qg6 37. Qd2 Qd6 38. Qe2 Kg6 39. Rd1 Qc6 40. Qe3 h6 41. Rd5 Rxa4 42. Rxc5 Qa6 43. h5+ Kg7 44. Rxf5 Qxc4 45. Qf4 Qe6 46. Re5 Qf6 47. Qg4+ Kh8 48. Qc8+ Kg7 49. Rf5 Ra8 50. Rxf6 Rxc8 51. Rg6+ Kh7 52. Re6 Rc7 53. Rxe4 Kg7 54. Re6 Rc5 55. g4 Rc4 56. f3 Rc2 57. Kf1 Ra2 58. Rxe7+ Kf6 59. Re2 Ra3 60. Kg2 Kg5 61. Kg3 Ra5 62. Re6 Ra6 63. Re5+ Kf6 64. Rf5+ Kg7 65. Kh4 Ra1 66. Rb5 Rh1+ 67. Kg3 Ra1 68. Rb7+ Kf6 69. Rh7 Ra3 70. Rxh6+ Kg7 71. Rb6 Ra5 72. f4 Ra3+ 73. Kh4 Ra1 74. Kg5 Ra5+ 75. f5 Ra7 1-0

[Event "Eschborn op 10th"]
[Site "Eschborn"]
[Date "2013.09.01"]
[Round "5"]
[White "Schindelmeiser, Frank"]
[Black "Graf, Michael"]
[Result "1/2-1/2"]
[WhiteElo "1842"]
[BlackElo "1617"]
[PlyCount "44"]
[EventDate "2013.08.30"]
[EventType "swiss"]
[EventRounds "5"]
[EventCountry "GER"]
[SourceTitle "EXT 2014"]
[Source "ChessBase"]
[SourceDate "2013.11.20"]
[SourceVersion "1"]
[SourceVersionDate "2013.11.20"]
[SourceQuality "1"]

1. c4 e6 2. g3 f5 3. Bg2 Nf6 4. Nf3 d6 5. b3 g6 6. Bb2 Bg7 7. 0-0 0-0 8. Nc3 Nc6 9. d4 Qe7 10. Re1 e5 11. d5 Nd8 12. e3 Nf7 13. e4 fxe4 14. Nd2 Bg4 15. Qc2 Ng5 16. Ncxe4 Ngxe4 17. Bxe4 Nxe4 18. Qxe4 Bf5 19. Qe3 Qd7 20. f3 h5 21. Ne4 Bxe4 22. Qxe4 Qf5 1/2-1/2

[Event "Muensterland Verbandsliga 0304"]
[Site "Germany"]
[Date "2004.02.07"]
[Round "6.5"]
[White "Melchers, Damian"]
[Black "Schindelmeiser, Frank"]
[Result "1-0"]
[WhiteElo "1923"]
[BlackElo "1910"]
[PlyCount "121"]
[EventDate "2003.09.27"]
[EventType "team"]
[EventRounds "9"]
[EventCountry "GER"]
[SourceTitle "EXT 2005"]
[Source "ChessBase"]
[SourceDate "2004.11.15"]
[SourceVersion "1"]
[SourceVersionDate "2004.11.15"]
[SourceQuality "1"]
[WhiteTeam "Muenster III"]
[BlackTeam "Telgte"]
[WhiteTeamCountry "GER"]
[BlackTeamCountry "GER"]

1. e4 c5 2. Nf3 Nc6 3. d4 cxd4 4. Nxd4 Nf6 5. Nc3 e5 6. Ndb5 d6 7. Bg5 a6 8. Na3 b5 9. Bxf6 gxf6 10. Nd5 f5 11. Bd3 Be6 12. 0-0 Rc8 13. c4 Nd4 14. exf5 Bxd5 15. cxd5 Qg5 16. Nc2 Rg8 17. g3 Nxf5 18. Bxf5 Qxf5 19. Ne3 Qh3 20. Rc1 Rxc1 21. Qxc1 Rg6 22. Qc6+ Ke7 23. Rc1 Bh6 24. Qc7+ Ke8 25. Qc8+ Qxc8 26. Rxc8+ Kd7 27. Ra8 Bxe3 28. fxe3 Rg4 29. Rxa6 Rb4 30. b3 h5 31. Ra7+ Ke8 32. Ra8+ Ke7 33. Rh8 h4 34. Rxh4 Rxh4 35. gxh4 b4 36. Kf2 f5 37. Ke2 Kf6 38. Kd3 Kg6 39. Kc4 f4 40. exf4 exf4 41. Kd3 Kh5 42. Ke2 Kxh4 43. Kf3 Kg5 44. h4+ Kf5 45. h5 Kg5 46. h6 Kxh6 47. Kxf4 Kg6 48. Ke4 Kf6 49. Kd4 Kf5 50. Kc4 Ke4 51. Kxb4 Kxd5 52. a4 Kc6 53. Kc4 Kb6 54. Kd5 Kc7 55. b4 Kd7 56. b5 Kc7 57. a5 Kd7 58. b6 Kc8 59. Kxd6 Kb7 60. Kd7 Ka8 61. Kc6 1-0

[Event "Muensterland Verbandsliga 0304"]
[Site "Germany"]
[Date "2004.01.10"]
[Round "5.5"]
[White "Schindelmeiser, Frank"]
[Black "Rublack, Ralf"]
[Result "1/2-1/2"]
[WhiteElo "1910"]
[BlackElo "2012"]
[PlyCount "34"]
[EventDate "2003.09.27"]
[EventType "team"]
[EventRounds "9"]
[EventCountry "GER"]
[SourceTitle "EXT 2005"]
[Source "ChessBase"]
[SourceDate "2004.11.15"]
[SourceVersion "1"]
[SourceVersionDate "2004.11.15"]
[SourceQuality "1"]
[WhiteTeam "Telgte"]
[BlackTeam "Suedlohn"]
[WhiteTeamCountry "GER"]
[BlackTeamCountry "GER"]

1. c4 c5 2. Nc3 Nf6 3. g3 Nc6 4. Bg2 e6 5. e3 a6 6. Nge2 Be7 7. d4 d6 8. dxc5 dxc5 9. Bxc6+ bxc6 10. Qxd8+ Kxd8 11. Na4 e5 12. Nb6 Rb8 13. Nxc8 Kxc8 14. b3 Nd7 15. Bb2 f6 16. Kd2 Rd8 17. Kc2 Nf8 1/2-1/2

[Event "Muensterland Verbandsliga 0304"]
[Site "Germany"]
[Date "2003.11.08"]
[Round "3.7"]
[White "Schindelmeiser, Frank"]
[Black "Seegers, Hendrik"]
[Result "0-1"]
[WhiteElo "1910"]
[BlackElo "2210"]
[PlyCount "50"]
[EventDate "2003.09.27"]
[EventType "team"]
[EventRounds "9"]
[EventCountry "GER"]
[SourceTitle "EXT 2005"]
[Source "ChessBase"]
[SourceDate "2004.11.15"]
[SourceVersion "1"]
[SourceVersionDate "2004.11.15"]
[SourceQuality "1"]
[WhiteTeam "Telgte"]
[BlackTeam "Muenster II"]
[WhiteTeamCountry "GER"]
[BlackTeamCountry "GER"]

1. c4 e5 2. Nc3 f5 3. g3 Nf6 4. Bg2 Be7 5. e3 0-0 6. Nge2 c6 7. d4 d6 8. b3 Be6 9. Ba3 Qa5 10. Qc1 Re8 11. b4 Qc7 12. d5 Bf7 13. 0-0 Nbd7 14. dxc6 bxc6 15. b5 e4 16. bxc6 Ne5 17. Nb5 Qxc6 18. Ned4 Qd7 19. Rd1 Bxc4 20. Bf1 Rec8 21. Bxc4+ Rxc4 22. Qb2 Rb8 23. Qb3 a6 24. Nxf5 Qxf5 25. Bxd6 Rxb5 0-1

[Event "Muensterland Verbandsliga 0304"]
[Site "Germany"]
[Date "2003.09.27"]
[Round "1.7"]
[White "Schindelmeiser, Frank"]
[Black "Loeckener, Thomas"]
[Result "1-0"]
[WhiteElo "1910"]
[BlackElo "1654"]
[PlyCount "79"]
[EventDate "2003.09.27"]
[EventType "team"]
[EventRounds "9"]
[EventCountry "GER"]
[SourceTitle "EXT 2005"]
[Source "ChessBase"]
[SourceDate "2004.11.15"]
[SourceVersion "1"]
[SourceVersionDate "2004.11.15"]
[SourceQuality "1"]
[WhiteTeam "Telgte"]
[BlackTeam "Saerbeck Falke"]
[WhiteTeamCountry "GER"]
[BlackTeamCountry "GER"]

1. c4 e6 2. Nc3 b6 3. Nf3 f5 4. b3 g5 5. h3 Bg7 6. d4 h6 7. e4 fxe4 8. Nxe4 Bb7 9. Bd3 Nc6 10. Ba3 d6 11. d5 Ne5 12. Nxe5 Bxe5 13. Qh5+ Ke7 14. dxe6 Qe8 15. Qxe8+ Rxe8 16. 0-0-0 Kxe6 17. Rhe1 Nf6 18. Kc2 Nxe4 19. Bxe4 Bxe4+ 20. Rxe4 Rhf8 21. f3 Rf4 22. Rde1 Rxe4 23. Rxe4 Rf8 24. Kd3 Rf4 25. Bc1 Rxe4 26. Kxe4 c6 27. f4 d5+ 28. cxd5+ cxd5+ 29. Kf3 Bf6 30. g4 b5 31. f5+ Kd6 32. h4 Kc6 33. h5 b4 34. Ke2 d4 35. Kd3 Kd5 36. a3 a5 37. axb4 axb4 38. Bd2 Kc5 39. Ke4 Bg7 40. Be1 1-0

[Event "Muensterland Verbandsliga 0203"]
[Site "Muensterland"]
[Date "2003.03.08"]
[Round "7.5"]
[White "Schindelmeiser, Frank"]
[Black "Emiroglu, Murat"]
[Result "1-0"]
[WhiteElo "1854"]
[BlackElo "2043"]
[PlyCount "123"]
[EventDate "2002.09.21"]
[EventType "team"]
[EventRounds "9"]
[EventCountry "GER"]
[SourceTitle "EXT 2004"]
[Source "ChessBase"]
[SourceDate "2003.11.25"]
[SourceVersion "1"]
[SourceVersionDate "2003.11.25"]
[SourceQuality "1"]
[WhiteTeam "Telgte"]
[BlackTeam "Westbevern"]
[WhiteTeamCountry "GER"]
[BlackTeamCountry "GER"]

1. c4 e5 2. Nc3 Nc6 3. Nf3 g6 4. g3 Bg7 5. Bg2 Nge7 6. 0-0 0-0 7. e3 d6 8. d4 exd4 9. exd4 Bg4 10. Ne2 Nf5 11. d5 Bxf3 12. Bxf3 Ncd4 13. Bg2 Nxe2+ 14. Qxe2 Re8 15. Qd3 Qe7 16. Bh3 Nd4 17. Be3 Qe4 18. Rad1 Nf3+ 19. Kh1 Qxd3 20. Rxd3 b6 21. b3 a5 22. Bf4 Ne5 23. Re3 a4 24. Rfe1 h6 25. bxa4 Red8 26. Bxe5 Bxe5 27. f4 Bf6 28. a5 Rxa5 29. Re8+ Rxe8 30. Rxe8+ Kg7 31. Rc8 Rc5 32. Bf1 Bd4 33. Kg2 Ra5 34. Rxc7 Rxa2+ 35. Kh1 Ra1 36. Kg2 g5 37. fxg5 hxg5 38. Re7 Be5 39. Bd3 g4 40. Be2 Ra2 41. Kf1 Ra1+ 42. Kg2 Ra2 43. Kf1 Kg6 44. Bxg4 Rxh2 45. Kg1 Rc2 46. Rc7 Bxg3 47. Bd7 Bf2+ 48. Kf1 Bc5 49. Be8 Rf2+ 50. Ke1 Kg7 51. Rxc5 Rf4 52. Rc8 Kf6 53. Kd2 Ke5 54. Ke3 Re4+ 55. Kd3 Rf4 56. Bb5 Rf3+ 57. Ke2 Ra3 58. Re8+ Kf4 59. Rf8 f5 60. Bd7 Re3+ 61. Kd2 Re5 62. Rf6 1-0

[Event "Muensterland Verbandsliga 0203"]
[Site "Muensterland"]
[Date "2002.11.16"]
[Round "3.6"]
[White "Schindelmeiser, Frank"]
[Black "Schmeing, Walter"]
[Result "1/2-1/2"]
[WhiteElo "1854"]
[BlackElo "2048"]
[PlyCount "74"]
[EventDate "2002.09.21"]
[EventType "team"]
[EventRounds "9"]
[EventCountry "GER"]
[SourceTitle "EXT 2004"]
[Source "ChessBase"]
[SourceDate "2003.11.25"]
[SourceVersion "1"]
[SourceVersionDate "2003.11.25"]
[SourceQuality "1"]
[WhiteTeam "Telgte"]
[BlackTeam "Suedlohn"]
[WhiteTeamCountry "GER"]
[BlackTeamCountry "GER"]

1. c4 e5 2. Nc3 Nf6 3. Nf3 Nc6 4. e3 Be7 5. d4 exd4 6. exd4 d6 7. Bd3 Bg4 8. Be3 Qd7 9. 0-0 0-0 10. a3 a5 11. Bc2 h6 12. d5 Nb8 13. Bd4 c5 14. Be3 Bf5 15. Re1 Bxc2 16. Qxc2 Re8 17. h3 Qd8 18. Bf4 Na6 19. Re2 Bf8 20. Rxe8 Qxe8 21. Qf5 Qd8 22. Re1 Nc7 23. Nd2 Nce8 24. Re3 g6 25. Qd3 Nh5 26. Bh2 Nhg7 27. g4 Nf6 28. Nde4 Nxe4 29. Qxe4 Qd7 30. Qf4 Ne8 31. g5 hxg5 32. Qxg5 Qd8 33. Qf4 Ng7 34. Ne4 Nf5 35. Rb3 b6 36. Kf1 Rb8 37. Rf3 Rb7 1/2-1/2